000 00384nam a2200133Ia 4500
008 210210b1974 xxu||||| |||| 00| 0 eng d
082 _a341.46 BHAS
100 _aBHATT (S).
245 _aStudies in aerospace law from competition to cooperation.
260 _aNew Delhi.
_bSterling Publishers Pvt Ltd.,
_c1974
300 _axvi,208
690 _aInternational Law
906 _aSG00918
999 _c112459
_d112459